Špecifiká účtovníctva spoločenstva vlastníkov bytov a nebytových priestorov diplomová práca

Enregistré dans:
Détails bibliographiques
Auteur principal: Tvarošková, Katarína
Collectivité auteur: Fakulta hospodárskej informatiky EU. Katedra účtovníctva a audítorstva
Autres auteurs: Parajka, Branislav, 1981-
Format: Livre
Langue:slovaque
Publié: Bratislava 2024
Tags: Ajouter un tag
Pas de tags, Soyez le premier à ajouter un tag!

MARC

LEADER 00000nbm a2200000 4500
001 0302585
005 20250205083721.3
041 0 |a slo 
044 |a SK 
245 1 0 |a Špecifiká účtovníctva spoločenstva vlastníkov bytov a nebytových priestorov  |b diplomová práca  |c Katarína Tvarošková ; školiteľ: Branislav Parajka 
264 1 |a Bratislava  |c 2024 
300 |a 75 s. 
100 1 |a Tvarošková, Katarína 
700 1 |a Parajka, Branislav, 1981- 
710 2 |a Fakulta hospodárskej informatiky EU. Katedra účtovníctva a audítorstva